Protocol for accessing access to commercial property (particularly offices and shops) for people with disabilities (Record no. 80231)
[ view plain ]
| 000 -LEADER | |
|---|---|
| fixed length control field | 01050cab a22002055a 4500 |
| 001 - CONTROL NUMBER | |
| control field | L143582 |
| 008 - FIXED-LENGTH DATA ELEMENTS--GENERAL INFORMATION | |
| fixed length control field | 080520s2008 xxk f 000 0 eng d |
| 035 ## - SYSTEM CONTROL NUMBER | |
| System control number | (Sirsi) u143582 |
| 041 0# - LANGUAGE CODE | |
| Language code of text/sound track or separate title | eng |
| 100 1# - MAIN ENTRY--PERSONAL NAME | |
| Personal name | Rostron, Jack |
| 245 00 - TITLE STATEMENT | |
| Title | Protocol for accessing access to commercial property (particularly offices and shops) for people with disabilities |
| 260 ## - PUBLICATION, DISTRIBUTION, ETC. | |
| Date of publication, distribution, etc. | 2008 |
| 490 #0 - SERIES STATEMENT | |
| Series statement | Journal of Retail and Leisure Property |
| Volume/sequential designation | 7(2), 113-118(16) |
| 520 ## - SUMMARY, ETC. | |
| Summary, etc. | Provides design guidance to professional advisers, owners, occupiers and developers of commercial property (especially offices) to meet the needs of people with disabilities. Provides a systematic and measured way to evaluate a building. Includes a survey sheet (checklist of questions) to help assess the suitability of an existing building and what adaptations are needed. |
| 590 ## - LOCAL NOTE (RLIN) | |
| Local note | KA |
| 650 24 - SUBJECT ADDED ENTRY--TOPICAL TERM | |
| Topical term or geographic name entry element | DISABILITY DISCRIMINATION ACT 1995 |
| 651 #4 - SUBJECT ADDED ENTRY--GEOGRAPHIC NAME | |
| Geographic name | United Kingdom |
| Chronological subdivision | |
| 690 ## - LOCAL SUBJECT ADDED ENTRY--TOPICAL TERM (OCLC, RLIN) | |
| Topical term or geographic name as entry element | MANAGEMENT-BUSINESS MANAGEMENT-DISCRIMINATION-DISABILITY DISCRIMINATION-ACCESSIBILITY |
| 942 ## - ADDED ENTRY ELEMENTS (KOHA) | |
| Suppress in OPAC | 0 |
| Withdrawn status | Lost status | Source of classification or shelving scheme | Damaged status | Not for loan | Home library | Current library | Shelving location | Date acquired | Total Checkouts | Full call number | Barcode | Date last seen | Copy number | Price effective from | Koha item type |
|---|---|---|---|---|---|---|---|---|---|---|---|---|---|---|---|
| Dewey Decimal Classification | London | London | Journal article | 20/05/2008 | L143582 | 143582-1001 | 06/08/2019 | 1 | 06/08/2019 | Journal article |